| 000 | 01328nam a22003497a 4500 | ||
|---|---|---|---|
| 003 | OSt | ||
| 005 | 20230607083952.0 | ||
| 008 | 221006b |||||||| |||| 00| 0 eng d | ||
| 040 | _cBiblioteca Lado V | ||
| 082 |
_a800 _bP419m |
||
| 100 |
_9270 _aPeña, Alfonso _eeditor |
||
| 245 | _aMaterika/ | ||
| 260 |
_aCosta Rica _bEdiciones Andromeda _c2000 |
||
| 300 |
_c15.5x21cm _a64p. |
||
| 366 | _espa | ||
| 490 |
_a2 _v1 _x1409-3693 |
||
| 505 |
_aUnos Poetas Brasileños _rFloriano Martins |
||
| 505 |
_aEspejo: Odio y amor mío _rMarco Tulio Lamugue |
||
| 505 |
_aDesnuda bajo la lluvia _rEna Lucia Portela |
||
| 505 |
_aPensando en el arquitecto Barrantes Monge _rLuis Ferrero |
||
| 505 |
_aLos ojos del antifaz _rAdriano Corrales |
||
| 505 |
_aLa mirada globologica _rAlfonso Chase |
||
| 505 | _aPublicaciones Recibidas | ||
| 505 |
_aMas de un festival _rYa viene la IX muestra de cine y video Costarricense |
||
| 505 |
_aEvocacion y vida _rRonald Bonilla |
||
| 650 |
_2Tesauro de Arte & Arquitectura _aPOESIA _9703 |
||
| 650 |
_2Tesauro de Arte & Arquitectura _aENTREVISTA _9702 |
||
| 650 |
_2Tesauro de Arte & Arquitectura _aLITERATURA _9702 |
||
| 650 |
_2Tesauro de Arte & Arquitectura _aNARRATIVA |
||
| 650 |
_2Tesauro de Arte & Arquitectura _aESPAÑOL |
||
| 942 |
_2ddc _c1 _h800 _iP419m _n0 |
||
| 999 |
_c3795 _d3795 |
||